Revolte gegen die Vernichtung : der Aufstand im Warschauer Ghetto / Reuben Ainsztein ; übersetzer Jörg Paulsen
Record details
- ISBN: 3-924737-19-3 (brož.)
- Physical Description: 228 s., 32 s. obr. příl. : il., mapa ; 23 cm
- Publisher: Berlin : Schwarze Risse, c1993
Content descriptions
| General Note: | Přeloženo z angličtiny Obsahuje rejstřík |
Available copies
- 1 of 1 copy available at Common Catalog SPOK.
Holds
- 0 current holds with 1 total copy.
Show Only Available Copies
| Location | Call Number / Copy Notes | Barcode | Shelving Location | Status | Due Date |
|---|---|---|---|---|---|
| Terezin Initiative Institute | 156 | 4594300156 | Knihovna ITI | Available | - |
| LDR | 00849cam a2200265 a 4500 | ||
|---|---|---|---|
| 001 | 25290 | ||
| 003 | CZ-PrJAB | ||
| 005 | 20221013083649.0 | ||
| 008 | 050323s1993 gw abf gr 001 0 ger d | ||
| 020 | . | ‡a3-924737-19-3 (brož.) | |
| 035 | . | ‡a(CONS)89 | |
| 035 | . | ‡a(CZ PrSKC)zpk20051526236 | |
| 035 | . | ‡a(OCoLC)31879715 | |
| 040 | . | ‡aHLS ‡bcze ‡cHLS ‡dOCLCQ ‡dABA001 | |
| 041 | 1 | . | ‡ager ‡heng |
| 080 | . | ‡a94(438)"1943" ‡2MRF | |
| 080 | . | ‡a323.12"1939/1945" ‡2MRF | |
| 080 | . | ‡a323.28 ‡2MRF | |
| 080 | . | ‡a(=411.16) ‡2MRF | |
| 080 | . | ‡a(048.8) ‡2MRF | |
| 100 | 1 | . | ‡aAinsztein, Reuben ‡4aut |
| 245 | 1 | 0. | ‡aRevolte gegen die Vernichtung : ‡bder Aufstand im Warschauer Ghetto / ‡cReuben Ainsztein ; übersetzer Jörg Paulsen |
| 260 | . | ‡aBerlin : ‡bSchwarze Risse, ‡cc1993 | |
| 300 | . | ‡a228 s., 32 s. obr. příl. : ‡bil., mapa ; ‡c23 cm | |
| 500 | . | ‡aPřeloženo z angličtiny | |
| 500 | . | ‡aObsahuje rejstřík | |
| 852 | 4 | . | ‡bJACH-ITI ‡bJACH-ITI ‡cKnihovna ITI ‡j156 ‡p156 ‡y$0.00 |
| 910 | . | ‡aABE340 ‡b156 | |
| 995 | . | ‡askok | |
| 901 | . | ‡a25290 ‡bISxN ‡c25290 ‡tbiblio | |